| 000 | 01325cab a22002655a 4500 | ||
|---|---|---|---|
| 001 | L160221 | ||
| 007 | ta | ||
| 008 | 190423e2019 xxk 000 0 eng d | ||
| 035 | _a(Sirsi) u160221 | ||
| 041 | 0 | _aeng | |
| 100 | 1 | _aParrett, Mike | |
| 245 | 0 | 0 |
_aDealing with flying rats _h[electronic resource] |
| 260 | _c2019 | ||
| 490 |
_aRICS Property Journal _vOctober-November 2018, 46-47 |
||
| 520 | _aOffers advice to homeowners and building managers on how to deal with the problems of feral pigons "Columbia livia domestica". Identifies a range of health issues caused mainly by their droppings which become very dry in warm weather and particles becoming airborne which can caused the following conditoins to human beings including Psittacosis, Salmonella, Paratyphoid fever, Histoplasmosis, Candidiasis and Cryptococcosis. Lists a range of treatments the key one being reducing access to food sources and the use of birds of prey and using netting, spikes and gel to make surfaces slippery. | ||
| 590 | _aNTK | ||
| 650 | 2 | 4 | _aPIGEONS |
| 650 | 2 | 4 | _aPESTS |
| 650 | 2 | 4 | _aVERMIN |
| 651 | 4 | _aUnited Kingdom | |
| 651 | 4 | _aUnited Kingdom | |
| 690 |
_aProperty management _96262 |
||
| 856 | 4 | 0 |
_uhttps://issuu.com/ricsmodus/docs/property_journal_october-november_2/10 _zAvailable free online via Issuu |
| 942 |
_n0 _2ddc |
||
| 999 |
_c85189 _d85189 |
||